[Event "ch-FRA Blitz Online Qual"]
[Site "Europe-Chess INT"]
[Date "2020.05.16"]
[Round "7"]
[White "Laurent-Paoli, Pierre"]
[Black "Bellahcene, Bilel"]
[Result "1-0"]
[WhiteTitle "FM"]
[BlackTitle "GM"]
[WhiteElo "2402"]
[BlackElo "2501"]
[WhiteFideId "26017962"]
[BlackFideId "696358"]
[EventDate "2020.05.16"]

1. d4 Nf6 2. c4 e6 3. Nf3 d5 4. Nc3 Bb4 5. cxd5 exd5 6. Bf4 Ne4 7. Rc1 Nc6 8.
Nd2 g5 9. Be3 f5 10. Ndxe4 fxe4 11. h4 gxh4 12. a3 Bxc3+ 13. Rxc3 Be6 14. Bf4
Qd7 15. e3 O-O-O 16. Bb5 Bf7 17. Qa4 Qg4 18. Rxc6 bxc6 19. Bxc6 Rd6 20. Bxd6 Bh5
21. Qc2 cxd6 22. Bxd5+ Kd8 23. Bxe4 Rf8 24. Bf3 Rxf3 25. gxf3 Qg2 26. Rxh4 Bxf3
27. Qxh7 Qg1+ 28. Kd2 Qxf2+ 29. Kc3 Qe1+ 30. Kd3 Qe2+ 31. Kc3 Qxe3+ 32. Kb4 Qd2+
33. Kb5 Qxb2+ 34. Kc4 Be2+ 35. Kd5 Qb5+ 36. Ke6 Qc4+ 37. Kf6 Qd5 38. Qe7+ Kc8
39. Rh8+ 1-0

[Event "ch-FRA Blitz Online Qual"]
[Site "Europe-Chess INT"]
[Date "2020.05.16"]
[Round "7"]
[White "Firouzja, Alireza"]
[Black "Degardin, Sylvain"]
[Result "0-1"]
[WhiteTitle "GM"]
[WhiteElo "2728"]
[BlackElo "2267"]
[WhiteFideId "12573981"]
[BlackFideId "20623070"]
[EventDate "2020.05.16"]

1. e4 c5 2. Nf3 d6 3. Nc3 a6 4. d4 cxd4 5. Qxd4 Nc6 6. Qd2 Nf6 7. b3 e6 8. Bb2
d5 9. exd5 exd5 10. O-O-O Bb4 11. a3 Ne4 12. Qxd5 Nxc3 13. Qxd8+ Nxd8 14. Re1+
Be7 15. Bxc3 Ne6 16. a4 O-O 17. Bc4 b5 18. axb5 axb5 19. Bxb5 Bb7 20. Bc4 Bc5
21. Ne5 Bxf2 22. Ref1 Bxg2 23. Rxf2 Bxh1 24. Nxf7 Rae8 25. Nd6 Rxf2 26. Nxe8 Kf8
27. Nd6 Rxh2 28. Bxe6 Ke7 29. Nf5+ Kxe6 30. Nxg7+ Kf7 31. Nf5 h5 32. Be1 Ke6 33.
Nd4+ Kd5 34. Nf5 Be4 35. Ne3+ Ke6 36. Bg3 Re2 37. Bf4 h4 38. Kd1 Rf2 39. Bb8 h3
40. Ke1 h2 41. Kxf2 h1=Q 42. Ba7 Bxc2 0-1

[Event "ch-FRA Blitz Online Qual"]
[Site "Europe-Chess INT"]
[Date "2020.05.16"]
[Round "7"]
[White "Bauer, Christian"]
[Black "Cotonnec, Melkior"]
[Result "1-0"]
[WhiteTitle "GM"]
[BlackTitle "IM"]
[WhiteElo "2623"]
[BlackElo "2300"]
[WhiteFideId "603767"]
[BlackFideId "633275"]
[EventDate "2020.05.16"]

1. e4 c5 2. Nf3 d6 3. c3 Nf6 4. h3 Nc6 5. Bd3 d5 6. e5 Nd7 7. Bb5 Qc7 8. d4 Qa5
9. Bxc6 bxc6 10. e6 fxe6 11. O-O cxd4 12. cxd4 c5 13. Nc3 cxd4 14. Nxd4 Nf6 15.
Re1 Kf7 16. Nc6 Qb6 17. Ne5+ Kg8 18. Be3 Qb7 19. Na4 g6 20. Nc5 Qb8 21. Bf4 Qb5
22. Rc1 Bg7 23. a4 Qb4 24. Qf3 Qb6 25. Be3 Qd8 26. b4 Qf8 27. Nc6 Qe8 28. b5 h6
29. Bd4 Kh7 30. Nxe6 Bxe6 31. Rxe6 Qf8 32. Rxe7 Nh5 33. Rc3 Qxf3 34. Rxf3 Rhf8
35. Rxf8 Rxf8 36. g4 Nf6 37. Rxa7 Kh8 38. b6 Ne8 39. Bxg7+ Nxg7 40. b7 Ne6 41.
Ra8 1-0

[Event "ch-FRA Blitz Online Qual"]
[Site "Europe-Chess INT"]
[Date "2020.05.16"]
[Round "7"]
[White "Mamedov, Rauf"]
[Black "Migot, Tangi"]
[Result "1/2-1/2"]
[WhiteTitle "GM"]
[BlackTitle "IM"]
[WhiteElo "2654"]
[BlackElo "2351"]
[WhiteFideId "13401653"]
[BlackFideId "662445"]
[EventDate "2020.05.16"]

1. e4 c5 2. Nf3 Nc6 3. c3 d5 4. exd5 Qxd5 5. d4 Bf5 6. Be3 Nf6 7. Na3 cxd4 8.
Nb5 O-O-O 9. Nfxd4 Nxd4 10. Qxd4 Qxd4 11. Nxd4 Be4 12. f3 Bg6 13. O-O-O e5 14.
Nb3 Rxd1+ 15. Kxd1 a6 16. Kc1 Nd5 17. Bd2 Be7 18. Bc4 Rd8 19. Re1 f6 20. g3 Nb6
21. Bf1 Bd6 22. Be3 Nd7 23. Nd2 Bc5 24. f4 Bxe3 25. Rxe3 exf4 26. gxf4 Re8 27.
Rxe8+ Bxe8 28. Ne4 Kc7 29. Kd2 a5 30. Ke3 b6 31. Kd4 Bf7 32. a3 Nb8 33. b4 Nc6+
34. Ke3 axb4 35. axb4 Be6 36. Ng3 Ne7 37. Kd2 Nf5 38. Bd3 Nxg3 39. hxg3 h6 40.
Bg6 Kd6 41. Ke3 Kd5 42. Kd3 Bd7 43. c4+ Kd6 44. Kd4 Be6 45. c5+ bxc5+ 46. bxc5+
Kc7 47. Kc3 Kc6 48. Kb4 Bd5 49. Be8+ Kc7 50. Kc3 g5 51. Kd4 Be6 52. Bh5 gxf4 53.
gxf4 Kc6 54. Bf3+ Kc7 55. Ke3 Bf5 56. Kf2 Bg6 57. Kg3 Kd7 58. Kh4 Kc7 59. Bh5
Bd3 60. Be8 Be2 61. Ba4 Bf3 62. Kg3 Bh5 63. Kf2 Bg6 64. Kf3 Bf5 65. Kg3 Be6 66.
Kh4 Bf7 67. Kg4 Bg6 68. Bb5 Kb7 69. Kf3 Bf5 70. Ke3 Kc7 71. Kd4 h5 72. Ke3 h4
73. Kf2 Bg4 74. Kg2 Bf5 75. Kh2 Bg4 76. Be8 Bf5 77. Kg2 Bg4 78. Bb5 Bf5 79. Kf3
Be6 80. Kf2 Bg4 81. Ba4 Bf5 82. Kg2 Bg4 83. Kh2 Bf5 84. Bb5 Bg4 85. Kg2 1/2-1/2

[Event "ch-FRA Blitz Online Qual"]
[Site "Europe-Chess INT"]
[Date "2020.05.16"]
[Round "7"]
[White "Lagarde, Maxime"]
[Black "Bulmaga, Irina"]
[Result "0-1"]
[WhiteTitle "GM"]
[BlackTitle "IM"]
[WhiteElo "2655"]
[BlackElo "2440"]
[WhiteFideId "662399"]
[BlackFideId "13903063"]
[EventDate "2020.05.16"]

1. e4 Nf6 2. e5 Nd5 3. c4 Nb6 4. a4 d6 5. a5 N6d7 6. e6 fxe6 7. d4 Nf6 8. Bd3 g6
9. h4 Bg7 10. h5 Nxh5 11. Rxh5 gxh5 12. Qxh5+ Kf8 13. Bh6 Nd7 14. Qg5 Bxh6 15.
Qxh6+ Kf7 16. Nf3 Nf6 17. Ng5+ Kg8 18. Nc3 Qf8 19. Qh4 Qg7 20. O-O-O Bd7 21. d5
e5 22. Nb5 h6 23. Nf3 Qg4 24. Qh2 e4 25. Nfd4 exd3 26. Rxd3 Kf7 27. Rg3 Qf4+ 28.
Kb1 Qxf2 29. Rf3 Qe1+ 30. Kc2 Qe4+ 31. Kc3 c6 32. Nc7 cxd5 33. Rf4 Qe5 34. Nxd5
Rac8 35. Nxf6 exf6 36. g3 h5 37. Qf2 Be6 38. b3 d5 39. Qf3 dxc4 40. Re4 cxb3+
41. Kd3 Bc4+ 42. Ke3 Qg5+ 43. Kf2 b2 44. Re1 Rhe8 45. Qxb7+ Kg6 46. Nf3 Qc5+ 47.
Kg2 Rxe1 48. Nh4+ Kh6 0-1

[Event "ch-FRA Blitz Online Qual"]
[Site "Europe-Chess INT"]
[Date "2020.05.16"]
[Round "7"]
[White "Degraeve, Remy"]
[Black "Edouard, Romain"]
[Result "1-0"]
[WhiteTitle "FM"]
[BlackTitle "GM"]
[WhiteElo "2328"]
[BlackElo "2649"]
[WhiteFideId "26024560"]
[BlackFideId "633429"]
[EventDate "2020.05.16"]

1. d4 e5 2. dxe5 Nc6 3. Nf3 Bc5 4. Nc3 f6 5. Bf4 fxe5 6. Nxe5 Nxe5 7. Bxe5 Nf6
8. e3 d6 9. Bd4 Bb4 10. Bc4 c5 11. Bxf6 Qxf6 12. O-O Bxc3 13. bxc3 Bd7 14. Rb1
b6 15. Qd5 Ke7 16. Rbd1 Rhc8 17. Qe4+ Kf8 18. Qxh7 Bc6 19. Bd5 Ke7 20. Bxc6 Rxc6
21. Qe4+ Kd7 22. Rd3 Rh8 23. Rfd1 Rh4 24. f4 g5 25. g3 Rh6 26. Qe5 g4 27. Qxf6
Rxf6 28. e4 Kc8 29. Kf2 Re6 30. Ke3 b5 31. f5 Rh6 32. R3d2 Ra6 33. Kf4 Kc7 34.
Kg5 Rh8 35. f6 Ra4 36. Rxd6 Rxe4 37. Rd7+ Kc8 38. Rxa7 Kb8 39. Rdd7 Rg8+ 40. Kf5
Re2 41. f7 Rf2+ 42. Ke4 Rg6 43. Rab7+ Kc8 44. Rbc7+ Kb8 45. Rxc5 Re6+ 46. Kd3
Ref6 47. Rxb5+ Ka8 48. Re5 Rb6 49. Re8+ Rb8 50. Rxb8+ Kxb8 51. Rd8+ Ka7 52. f8=Q 1-0

[Event "ch-FRA Blitz Online Qual"]
[Site "Europe-Chess INT"]
[Date "2020.05.16"]
[Round "7"]
[White "Piorun, Kacper"]
[Black "Suarez Uriel, Adrian"]
[Result "0-1"]
[WhiteTitle "GM"]
[BlackTitle "IM"]
[WhiteElo "2601"]
[BlackElo "2340"]
[WhiteFideId "1130420"]
[BlackFideId "22230874"]
[EventDate "2020.05.16"]

1. e4 c5 2. Nc3 Nc6 3. f4 e6 4. Nf3 d5 5. Bb5 dxe4 6. Bxc6+ bxc6 7. Nxe4 Ba6 8.
d3 c4 9. d4 Nf6 10. Qe2 Nxe4 11. Qxe4 Qd5 12. Qe2 c5 13. Be3 cxd4 14. Bxd4 Bc5
15. Rd1 Bxd4 16. Rxd4 Qa5+ 17. c3 O-O 18. O-O Rad8 19. a3 Rxd4 20. Nxd4 Qd5 21.
Rf2 h6 22. Qe3 Bb7 23. Rd2 Qe4 24. Qxe4 Bxe4 25. Kf2 a6 26. Ke3 Bd5 27. g4 Re8
28. Nf3 f6 29. h4 Kf7 30. Nd4 g6 31. Kf2 Ke7 32. Nc2 Kd6 33. Ne3 Kc5 34. Kg3 f5
35. Re2 Be4 36. Rd2 Bd3 37. h5 gxh5 38. b4+ Kb5 39. gxf5 exf5 40. Nd5 Rg8+ 41.
Kh4 Ka4 42. Kxh5 Kxa3 43. Kxh6 Kb3 44. Rd1 Be4 45. Nf6 Rg3 46. Ra1 Kxc3 47. Rxa6
Kxb4 48. Rb6+ Kc5 49. Rb8 c3 50. Nd7+ Kd4 51. Ne5 c2 52. Rd8+ Kc3 53. Rc8+ Kd2
54. Nc4+ Ke1 55. Nd6 Kd1 0-1

[Event "ch-FRA Blitz Online Qual"]
[Site "Europe-Chess INT"]
[Date "2020.05.16"]
[Round "7"]
[White "Stephan, Victor"]
[Black "Terrieux, Kevin"]
[Result "0-1"]
[WhiteTitle "IM"]
[BlackTitle "IM"]
[WhiteElo "2439"]
[BlackElo "2448"]
[WhiteFideId "656666"]
[BlackFideId "622591"]
[EventDate "2020.05.16"]

1. b3 d5 2. Bb2 Nf6 3. e3 g6 4. Nf3 Bg7 5. c4 O-O 6. cxd5 Qxd5 7. Nc3 Qd8 8. d4
c5 9. Be2 Nc6 10. O-O cxd4 11. exd4 Be6 12. Re1 Bd5 13. Ne5 Qd6 14. Rc1 Rac8 15.
Nb5 Qb8 16. Bf3 Rfd8 17. Nxc6 Bxc6 18. Bxc6 bxc6 19. Nc3 e6 20. Qf3 Nd5 21. Ne4
Qb4 22. Re2 Qb6 23. Nc5 a5 24. h4 Qa7 25. h5 Qe7 26. hxg6 hxg6 27. Qg4 Nf6 28.
Qh3 Rd5 29. Rce1 Rh5 30. Qf3 Nd5 31. g3 Qg5 32. Bc1 Qf6 33. Qxf6 Bxf6 34. Bb2
Kg7 35. Kg2 Rch8 36. Ne4 g5 37. Kf3 Kg6 38. Nxf6 Kxf6 39. Ke4 g4 40. Kd3 Rf5 41.
a3 Rh2 42. Rf1 Rf3+ 43. Kc2 Kg6 44. Bc1 Ne7 45. Bd2 Nf5 46. Kb1 Nxg3 47. Re4
Nxf1 48. Rxg4+ Kf5 49. Rg5+ Kf6 50. Rg1 Nxd2+ 51. Kc2 Rfxf2 0-1

[Event "ch-FRA Blitz Online Qual"]
[Site "Europe-Chess INT"]
[Date "2020.05.16"]
[Round "7"]
[White "Riff, Jean-Noel"]
[Black "Droin, Augustin"]
[Result "1-0"]
[WhiteTitle "GM"]
[BlackTitle "FM"]
[WhiteElo "2504"]
[BlackElo "2313"]
[WhiteFideId "611190"]
[BlackFideId "45105987"]
[EventDate "2020.05.16"]

1. e4 c5 2. Nf3 Nc6 3. Nc3 Nf6 4. Bb5 Qc7 5. O-O e5 6. Nd5 Nxd5 7. exd5 Ne7 8.
c4 a6 9. Ba4 b5 10. cxb5 Nxd5 11. Nxe5 Bd6 12. Nxf7 Bxh2+ 13. Kh1 O-O 14. Qh5
Nf6 15. Qxh2 Qxh2+ 16. Kxh2 Rxf7 17. d3 Rb8 18. Bf4 Rxb5 19. Bxb5 axb5 20. Rac1
c4 21. dxc4 b4 22. f3 1-0

[Event "ch-FRA Blitz Online Qual"]
[Site "Europe-Chess INT"]
[Date "2020.05.16"]
[Round "7"]
[White "Arnaudov, G. Petar"]
[Black "Kirk, Ezra"]
[Result "1-0"]
[WhiteTitle "GM"]
[BlackTitle "IM"]
[WhiteElo "2471"]
[BlackElo "2447"]
[WhiteFideId "2907127"]
[BlackFideId "600067"]
[EventDate "2020.05.16"]

1. Nf3 Nf6 2. c4 g6 3. Nc3 Bg7 4. e4 d6 5. d4 O-O 6. h3 e5 7. d5 a5 8. g4 Na6 9.
Be3 Nc5 10. Nd2 Bd7 11. Be2 c6 12. g5 Ne8 13. h4 f5 14. h5 f4 15. Bxc5 dxc5 16.
h6 Bh8 17. Bg4 Nd6 18. Bxd7 Qxd7 19. Qf3 Rab8 20. a4 Rf7 21. b3 Qd8 22. Rg1 Qb6
23. Kd1 Qd8 24. Kc2 b6 25. dxc6 Rc7 26. Qg4 Nf7 27. Rad1 Rxc6 28. Nf3 Qe8 29.
Qd7 Kf8 30. Qxe8+ Kxe8 31. Rd5 Rd8 32. Rgd1 Rcd6 33. Rxd6 Rxd6 34. Rxd6 Nxd6 35.
Kd3 Kd7 36. Nd5 Nc8 37. Nh2 Nd6 38. Nxb6+ Ke6 39. Nd5 Nf7 40. Nf3 Kd6 41. Ke2
Kc6 42. Kf1 Kd6 43. Kg2 Nd8 44. Nh2 Ne6 45. Nf3 Nd4 46. Nxd4 exd4 47. f3 d3 48.
Kf2 Ke5 49. Ke1 Kd4 50. Kd2 Be5 51. Nf6 1-0

[Event "ch-FRA Blitz Online Qual"]
[Site "Europe-Chess INT"]
[Date "2020.05.16"]
[Round "7"]
[White "Maze, Sebastien"]
[Black "Vlachos, Anatole"]
[Result "1-0"]
[WhiteTitle "GM"]
[BlackTitle "IM"]
[WhiteElo "2557"]
[BlackElo "2401"]
[WhiteFideId "613762"]
[BlackFideId "26093189"]
[EventDate "2020.05.16"]

1. d4 f5 2. Nc3 Nf6 3. Bg5 d5 4. Nf3 e6 5. e3 a6 6. h4 c5 7. Ne2 Nc6 8. c3 Be7
9. Nf4 c4 10. h5 Ne4 11. Bxe7 Qxe7 12. Nd2 O-O 13. Be2 b5 14. a3 Bd7 15. Nxe4
fxe4 16. Bg4 Qd6 17. Bh3 a5 18. Qg4 Rf6 19. Qg5 Raf8 20. g3 R8f7 21. Bg4 h6 22.
Qh4 e5 23. dxe5 Nxe5 24. Be2 Kh7 25. Rd1 Nd3+ 26. Bxd3 cxd3 27. Kd2 b4 28. axb4
axb4 29. Ra1 Qc5 30. Rhc1 Rb6 31. Rab1 bxc3+ 32. Rxc3 Qa5 33. Qh1 Bg4 34. Qc1
Rfb7 35. Ng6 Qb4 36. Ne5 Bf3 37. Nxf3 exf3 38. Qf1 d4 39. Qxd3+ Kh8 40. exd4 Qe7
41. Kc2 Re6 42. Rd1 Re2+ 43. Rd2 Qe6 44. d5 Qe5 45. Rc8+ 1-0

[Event "ch-FRA Blitz Online Qual"]
[Site "Europe-Chess INT"]
[Date "2020.05.16"]
[Round "7"]
[White "Milliet, Sophie"]
[Black "Travadon, Loic"]
[Result "0-1"]
[WhiteTitle "IM"]
[BlackTitle "IM"]
[WhiteElo "2401"]
[BlackElo "2431"]
[WhiteFideId "623725"]
[BlackFideId "26092131"]
[EventDate "2020.05.16"]

1. e4 c5 2. Nf3 e6 3. g3 Nc6 4. Bg2 h5 5. O-O h4 6. Nxh4 g5 7. Nf3 g4 8. Ne1 Qg5
9. d3 Qh5 10. h4 gxh3 11. Qxh5 Rxh5 12. Bf3 Rh8 13. c3 Nf6 14. Bf4 Nh5 15. Bg5
Bd6 16. Na3 Ne5 17. Nc4 Nxc4 18. dxc4 f6 19. Bxh5+ Rxh5 20. Bxf6 Kf7 21. e5 b6
22. f4 h2+ 23. Kg2 Bb7+ 24. Nf3 Rg8 25. Rad1 Bc6 26. Rh1 Bf8 27. Kf2 Bh6 28. Rd2
Rh3 29. Rxh2 Rgxg3 30. Rxh3 Rxh3 31. Ng5+ Bxg5 32. Bxg5 Kg6 33. Re2 Kf5 34. Ke1
Rh1+ 35. Kd2 Bf3 36. Rf2 Ke4 37. Kc2 Bd1+ 38. Kd2 Bg4 39. Kc2 Ke3 40. Rd2 Bf3
41. Rd3+ Ke4 42. Rxd7 Be2 43. Kb3 a6 44. Rd6 b5 45. cxb5 axb5 46. Ka3 Ra1 47. b3
Bd3 48. Rc6 Kd5 49. Rd6+ Ke4 50. Rc6 c4 51. bxc4 Bxc4 52. Kb4 Rxa2 53. Rc8 Ra4+
54. Kc5 Ra3 55. Rh8 Rxc3 56. Kd6 Rd3+ 57. Ke7 b4 58. Rb8 b3 59. Kf6 Rd2 60. f5
Rf2 61. Rb4 Rxf5+ 62. Ke7 Kd5 63. Bf6 Kc5 64. Rb8 Rf2 65. Kd7 b2 66. Be7+ Kd4
67. Ba3 Kc3 68. Kd6 Rd2+ 69. Ke7 Rh2 70. Kd6 Ba2 71. Rb6 b1=Q 72. Rxb1 Bxb1 73.
Kxe6 Kd4 74. Bd6 Ke4 75. Kd7 Rh7+ 76. Kd8 Kd5 0-1

[Event "ch-FRA Blitz Online Qual"]
[Site "Europe-Chess INT"]
[Date "2020.05.16"]
[Round "7"]
[White "Barseghyan, Harutyun"]
[Black "Nasuta, Grzegorz"]
[Result "1-0"]
[WhiteTitle "IM"]
[BlackTitle "GM"]
[WhiteElo "2463"]
[BlackElo "2558"]
[WhiteFideId "13304585"]
[BlackFideId "1141686"]
[EventDate "2020.05.16"]

1. d4 d5 2. c4 c6 3. cxd5 cxd5 4. Bg5 f6 5. Bd2 e5 6. e4 exd4 7. Qh5+ g6 8. Qxd5
Qxd5 9. exd5 Bc5 10. b4 Bb6 11. a4 Ne7 12. Nf3 Nxd5 13. Bc4 Ne7 14. a5 Bc7 15.
Nxd4 Be5 16. Bc3 Nbc6 17. Nxc6 Nxc6 18. Bxe5 Nxe5 19. Na3 Nxc4 20. Nxc4 Be6 21.
Nd6+ Ke7 22. Nxb7 Rab8 23. Nc5 Rxb4 24. Nxe6 Re4+ 25. Kf1 Kxe6 26. g3 Rc8 27.
Kg2 Rc5 28. Rhb1 Ree5 29. a6 Ra5 30. Rxa5 Rxa5 31. Rb7 Rxa6 32. Rxh7 Ra2 33. h4
a5 34. Rg7 Kf5 35. Ra7 a4 36. Ra5+ Ke4 37. Ra6 Ke5 38. Ra5+ Kd4 39. Ra6 a3 40.
Rxf6 Rc2 41. Rxg6 a2 42. Ra6 Kc3 43. h5 Kb2 44. g4 Rc6 45. Ra8 Rc8 46. Ra7 Rc7
47. Ra8 Rc8 48. Ra7 Rc7 49. Rxa2+ Kxa2 50. h6 Kb3 51. g5 Rh7 52. Kf3 Kc4 53. Ke4
Re7+ 54. Kf5 Kd5 55. Kf6 Re2 56. h7 Rxf2+ 57. Kg7 Rh2 58. h8=Q Rxh8 59. Kxh8 Ke6
60. g6 Kf5 61. g7 1-0

[Event "ch-FRA Blitz Online Qual"]
[Site "Europe-Chess INT"]
[Date "2020.05.16"]
[Round "7"]
[White "Bijaoui, Manuel"]
[Black "Daulyte-Cornette, Deimante"]
[Result "1-0"]
[WhiteTitle "IM"]
[BlackTitle "IM"]
[WhiteElo "2411"]
[BlackElo "2400"]
[WhiteFideId "626783"]
[BlackFideId "12802859"]
[EventDate "2020.05.16"]

1. e4 Nf6 2. e5 Nd5 3. c4 Nb6 4. d4 d6 5. exd6 cxd6 6. Nc3 g6 7. Be3 Bg7 8. Rc1
O-O 9. b3 Bf5 10. Be2 d5 11. c5 Nc8 12. Bf3 e5 13. Bxd5 exd4 14. Bxd4 Bxd4 15.
Qxd4 Nc6 16. Qd2 Ne5 17. Rd1 Nd3+ 18. Kf1 Qc7 19. Be4 Bxe4 20. Nxe4 Nxc5 21. Qc3
Ne6 22. Nf6+ Kh8 23. Qb2 Ng7 24. Nf3 Nd6 25. g3 Nde8 26. Nd5 Qc6 27. Kg2 Nc7 28.
Nf6 Nce8 29. Nd7 Rg8 30. Rhe1 Rd8 31. Ne5 1-0

[Event "ch-FRA Blitz Online Qual"]
[Site "Europe-Chess INT"]
[Date "2020.05.16"]
[Round "7"]
[White "Batsiashvili, Nino"]
[Black "Philippe, Guillaume"]
[Result "1-0"]
[WhiteTitle "GM"]
[BlackTitle "IM"]
[WhiteElo "2457"]
[BlackElo "2354"]
[WhiteFideId "13602993"]
[BlackFideId "36048763"]
[EventDate "2020.05.16"]

1. d4 f5 2. Nf3 Nf6 3. Bg5 e6 4. Nbd2 Be7 5. Bxf6 Bxf6 6. e4 d5 7. exf5 exf5 8.
Bd3 O-O 9. O-O Re8 10. c3 g6 11. Qb3 c6 12. Rae1 Na6 13. Rxe8+ Qxe8 14. Re1 Qf8
15. Ne5 Nc7 16. Ndf3 Ne8 17. c4 dxc4 18. Bxc4+ Kg7 19. h4 Nd6 20. Ng5 Nxc4 21.
Qxc4 h6 22. Ngf3 a5 23. d5 cxd5 24. Qxd5 Ra6 25. Rc1 Re6 26. Qxa5 b6 27. Qa8
Bxe5 28. Rxc8 Qf7 29. Nxe5 Rxe5 30. Qf3 Rc5 31. Rxc5 bxc5 32. b3 Qd5 33. Qxd5 1-0

[Event "ch-FRA Blitz Online Qual"]
[Site "Europe-Chess INT"]
[Date "2020.05.16"]
[Round "7"]
[White "Rakotomaharo, Fy Antenaina"]
[Black "Hejazipour, Mitra"]
[Result "1-0"]
[WhiteTitle "IM"]
[BlackTitle "WGM"]
[WhiteElo "2422"]
[BlackElo "2300"]
[WhiteFideId "13100050"]
[BlackFideId "12505951"]
[EventDate "2020.05.16"]

1. e4 c5 2. Nf3 e6 3. d4 cxd4 4. Nxd4 a6 5. Bd3 Nf6 6. O-O Qc7 7. Qe2 d6 8. c4
Nbd7 9. f4 b6 10. Nc3 Bb7 11. f5 e5 12. Nf3 Be7 13. Bg5 h6 14. Bh4 Rc8 15. Rac1
O-O 16. Rc2 Nc5 17. Bxf6 Bxf6 18. Nd5 Qd8 19. b4 Nd7 20. Rd1 Be7 21. Kh1 Nf6 22.
Qe3 Nxd5 23. cxd5 Rxc2 24. Bxc2 a5 25. bxa5 bxa5 26. Ba4 Qa8 27. Rb1 Rc8 28. Qb6
Ba6 29. Qxa5 Bd3 30. Qxa8 Rxa8 31. Rb4 Bd8 32. Bc6 Ba5 33. Rb3 Ra6 34. Rxd3 Rb6
35. Rb3 Ra6 36. Rb8+ Kh7 37. a4 Bc3 38. g4 h5 39. g5 g6 40. f6 h4 41. Rb7 Kg8
42. Be8 h3 43. Bxf7+ Kf8 44. Be6 Ra8 45. Rh7 1-0

[Event "ch-FRA Blitz Online Qual"]
[Site "Europe-Chess INT"]
[Date "2020.05.16"]
[Round "7"]
[White "Brunner, Nicolas"]
[Black "Sesia, Noah"]
[Result "0-1"]
[WhiteTitle "IM"]
[WhiteElo "2428"]
[BlackElo "1822"]
[WhiteFideId "620246"]
[BlackFideId "26066904"]
[EventDate "2020.05.16"]

1. d4 d5 2. c4 e6 3. Nf3 Nf6 4. Nc3 c5 5. cxd5 exd5 6. g3 Nc6 7. Bg2 Be6 8. O-O
Be7 9. Bg5 c4 10. Ne5 O-O 11. b3 cxb3 12. Nxc6 bxc6 13. axb3 Qd7 14. Na4 Bh3 15.
Qc2 Bf5 16. Qc1 Ne4 17. Bxe7 Qxe7 18. Qxc6 Nd2 19. Rfe1 Nxb3 20. Rad1 Rac8 21.
Qxd5 Bc2 22. Bh3 Rc7 23. e3 Bxd1 24. Rxd1 Qb4 25. Nb2 Qc3 26. Nd3 Qc2 27. Bg4
Nd2 28. Rc1 Qxd3 29. Rxc7 Qf1# 0-1

[Event "ch-FRA Blitz Online Qual"]
[Site "Europe-Chess INT"]
[Date "2020.05.16"]
[Round "7"]
[White "Msellek, Ilyass"]
[Black "Colin, Vincent"]
[Result "1-0"]
[WhiteTitle "FM"]
[BlackTitle "IM"]
[WhiteElo "2316"]
[BlackElo "2372"]
[WhiteFideId "675938"]
[BlackFideId "612324"]
[EventDate "2020.05.16"]

1. e4 c5 2. Nf3 d6 3. Bb5+ Nd7 4. c3 Nf6 5. Qe2 a6 6. Ba4 b5 7. Bc2 Bb7 8. a4 b4
9. d4 e6 10. O-O Be7 11. e5 dxe5 12. dxe5 Nd5 13. c4 N5b6 14. b3 Qc7 15. Bb2 a5
16. Nbd2 O-O-O 17. Ne4 Kb8 18. Rad1 Ka7 19. Rfe1 Nc8 20. Neg5 Rdf8 21. Nxh7 Re8
22. Nhg5 Bxg5 23. Nxg5 Nf8 24. Be4 Ng6 25. Qf3 Bxe4 26. Nxe4 Nh4 27. Qe2 Nf5 28.
Nd6 Ncxd6 29. exd6 Qd7 30. Qe5 Rc8 31. Rd3 Rc6 32. g4 Nh4 33. Qxg7 Rhc8 34. Qf6
Ng6 35. Be5 Rg8 36. Bg3 Rcc8 37. h4 Kb6 38. h5 Nf8 39. Re4 Nh7 40. Qe7 Kc6 41.
Rf4 Ng5 42. Qxd7+ Kxd7 43. Kg2 Rc6 44. Bh4 e5 45. Rf5 Ne4 46. Rxf7+ Ke8 47. Re7+
Kf8 48. d7 Rxg4+ 49. Kh3 Rxh4+ 50. Kxh4 Kxe7 51. d8=Q+ Ke6 52. Qd7+ Kf6 53.
Qxc6+ Kf5 54. Rf3# 1-0

[Event "ch-FRA Blitz Online Qual"]
[Site "Europe-Chess INT"]
[Date "2020.05.16"]
[Round "7"]
[White "Papadiamandis, Elliot"]
[Black "Okhotnik, Vladimir"]
[Result "1/2-1/2"]
[BlackTitle "GM"]
[WhiteElo "2269"]
[BlackElo "2359"]
[WhiteFideId "36074160"]
[BlackFideId "14101289"]
[EventDate "2020.05.16"]

1. e4 c6 2. d4 d5 3. Nc3 dxe4 4. Nxe4 Nf6 5. Nxf6+ exf6 6. c3 Bd6 7. Bd3 O-O 8.
Ne2 Re8 9. Qc2 h5 10. O-O Qc7 11. h3 h4 12. Be3 Nd7 13. c4 Nf8 14. Nc3 Be6 15.
d5 Bd7 16. c5 Be5 17. d6 Qd8 18. Ne4 f5 19. Ng5 g6 20. Nf3 Bf6 21. Rfe1 Be6 22.
Rad1 Bd5 23. Nd2 Nd7 24. b4 Ne5 25. Bf1 a5 26. b5 Qd7 27. Nc4 Nxc4 28. Bxc4 Bxc4
29. bxc6 Qxc6 30. Qxc4 Re4 31. Qd3 Rae8 32. d7 Rd8 33. f3 Re7 34. Qd6 Rexd7 35.
Qxc6 bxc6 36. Rxd7 Rxd7 37. Rb1 Bd4 38. Bxd4 Rxd4 39. Rb6 Ra4 40. Rxc6 Rxa2 41.
Ra6 a4 42. c6 Kg7 43. c7 Rc2 44. Rxa4 Rxc7 45. Rxh4 Rc2 46. Rd4 Kf6 47. Ra4 Kg5
48. Kh2 f4 49. Ra5+ f5 50. Ra6 Rb2 51. Rc6 Rb7 52. Rd6 Rg7 53. Rc6 Rb7 54. Rd6
Kh5 55. Rc6 g5 56. Rf6 Rb5 57. Re6 g4 58. hxg4+ fxg4 59. Rf6 Kg5 60. Rf8 g3+ 61.
Kh3 Rb7 62. Rg8+ Kf5 63. Rf8+ Ke5 64. Re8+ Kf5 65. Rf8+ Ke5 66. Re8+ Kf5 67.
Rf8+ 1/2-1/2

[Event "ch-FRA Blitz Online Qual"]
[Site "Europe-Chess INT"]
[Date "2020.05.16"]
[Round "7"]
[White "Gozzoli, Yannick"]
[Black "Szajbely, Zsigmond"]
[Result "1-0"]
[WhiteTitle "GM"]
[BlackTitle "FM"]
[WhiteElo "2600"]
[BlackElo "2260"]
[WhiteFideId "616915"]
[BlackFideId "711691"]
[EventDate "2020.05.16"]

1. d4 Nf6 2. Nf3 c5 3. d5 b5 4. c4 g6 5. cxb5 a6 6. Nc3 Bg7 7. e4 d6 8. a4 O-O
9. Ra3 Nbd7 10. Be2 Qc7 11. O-O c4 12. Nd4 Nc5 13. f3 Bd7 14. Be3 axb5 15. Ncxb5
Qc8 16. Qc2 Bxb5 17. Nxb5 Nfd7 18. Bxc4 Nb6 19. Bb3 Qd7 20. Bxc5 dxc5 21. Bc4
Rfb8 22. b3 Nc8 23. Ra2 Nd6 24. Kh1 Ra5 25. Qe2 Rba8 26. Rc2 Nb7 27. e5 Qf5 28.
f4 Rd8 29. h3 h5 30. Rd2 Qc8 31. Qe4 Kh7 32. d6 exd6 33. Bxf7 Qf5 34. Qxb7 dxe5
35. Rxd8 1-0